000
00293nam a22001337a 4500
008
181224b xxu||||| |||| 00| 0 eng d
020
_a
9780435088095
041
_a
eng
080
_a
370
100
_a
45
101
_a
edu
245
_a
The Art Teaching Writing
_c
Lucy.M
942
_2
udc
_c
BK
999
_c
53711
_d
53711